Rural Marketing (Record no. 6213)

MARC details
000 -LEADER
fixed length control field 00935 a2200253 4500
005 - DATE AND TIME OF LATEST TRANSACTION
control field 2008082601221.0
008 - FIXED-LENGTH DATA ELEMENTS--GENERAL INFORMATION
fixed length control field 080826t xxu||||| |||| 00| 0 eng d
010 ## - LIBRARY OF CONGRESS CONTROL NUMBER
LC control number ENG-87190
020 ## - INTERNATIONAL STANDARD BOOK NUMBER
International Standard Book Number 9780070660007
020 ## - INTERNATIONAL STANDARD BOOK NUMBER
International Standard Book Number 007066000X
Terms of availability 225.00
035 ## - SYSTEM CONTROL NUMBER
System control number EN-70723
037 ## - SOURCE OF ACQUISITION
Source of stock number/acquisition DBAD / PUB
082 ## - DEWEY DECIMAL CLASSIFICATION NUMBER
Classification number 381.41091734
100 ## - MAIN ENTRY--PERSONAL NAME
Personal name Dogra, Balram
245 ## - TITLE STATEMENT
Title Rural Marketing
Remainder of title concepts and practices
Statement of responsibility, etc by Balram Dogra and Karminder Ghuman
260 ## - PUBLICATION, DISTRIBUTION, ETC. (IMPRINT)
Place of publication, distribution, etc New Delhi
Name of publisher, distributor, etc Tata McGraw-Hill Publishing
Date of publication, distribution, etc 2008
270 ## - ADDRESS
Address 7, West Patel Nagar
City New Delhi
Postal code 110 008
300 ## - PHYSICAL DESCRIPTION
Extent xiv, 352 p.
Dimensions 24 cm (pbk)
500 ## - GENERAL NOTE
General note includes index
700 ## - ADDED ENTRY--PERSONAL NAME
Personal name Dogra, Balram
700 ## - ADDED ENTRY--PERSONAL NAME
Personal name Ghuman, Karminder
942 ## - ADDED ENTRY ELEMENTS (KOHA)
Institution code [OBSOLETE] dpl
Koha item type English Books
Call number prefix 381.41091734/DOG
Source of classification or shelving scheme Dewey Decimal Classification
Classification part 381.41091734
Call number suffix DOG
Holdings
Withdrawn status Lost status Damaged status Not for loan Home library Current library Date acquired Cost, normal purchase price Total Checkouts Full call number Barcode Date last seen Copy number Uniform Resource Identifier Cost, replacement price Price effective from Koha item type
        D.B.Act.Division D.B.Act.Division 26/08/2008 225.00   381.41091734 DOG EN-70723 15/09/2008 1 6670 225.00 15/09/2008 English Books

© Delhi Public Library
Hit Counter
free hit counter